| 000 | 01010nam a2200229 a 4500 | ||
|---|---|---|---|
| 001 | 40615 | ||
| 003 | BD-RjUL | ||
| 005 | 20211209053243.0 | ||
| 008 | 160507s bg |a|| |||| 00| 0 ben d | ||
| 020 | _c: 40.00 | ||
| 035 | _a(BD-RjUL)40730 | ||
| 040 |
_aBD-RjUL _bben _cBD-RjUL |
||
| 041 | _aben | ||
| 082 |
_223 _aB 294.5 _bJAG 1991 |
||
| 245 |
_aযাজ্ঞবল্ক্যসংহিতা বা যাজ্ঞবল্ক্যস্মৃতি / _cমহামহোপাধ্যায় পঞ্চানন তর্করত্ন সম্পাদিত |
||
| 260 |
_aকলিকাতা: _bসংস্কৃত পুস্তক ভান্ডার, _c1991 (১৩৯৮). |
||
| 300 |
_a২১৮ পৃ. ; _c২৫ সেমি. |
||
| 650 |
_aহিন্দুধর্ম _9124991 |
||
| 650 |
_aHinduismo _9124992 |
||
| 700 |
_aতর্করত্ন, মহামহোপাধ্যায় পঞ্চানন, সম্পাদক. _9124993 |
||
| 942 |
_2ddc _cBK _02 |
||
| 999 |
_c40615 _d40615 |
||